<Die> Sparkassenorganisation - ein Jahr nach McKinsey.
Hodnotenie vývoja sporiteľní rok po McKinseyho hodnotení smerovania organizácie sporiteľní na vnútornom trhu Európskeho spoločenstva. Problém vytvorenia centrálneho ústavu v sieti sporiteľní SRN a formy koncentrácie sporiteľní v praxi. Rozvoj sporiteľní a ich ďalšia spolupráca.
Gespeichert in:
| 1. Verfasser: | |
|---|---|
| Format: | Buchkapitel |
| Sprache: | Deutsch |
| Schlagworte: | |
| Tags: |
Keine Tags, Fügen Sie das erste Tag hinzu!
|
MARC
| LEADER | 00000naa a2200000 4500 | ||
|---|---|---|---|
| 001 | r003416 | ||
| 005 | 20221208122808.3 | ||
| 041 | 0 | |a ger | |
| 044 | |a DE | ||
| 245 | 1 | 0 | |a <Die> Sparkassenorganisation - ein Jahr nach McKinsey. |c F. Neuber |
| 520 | |a Hodnotenie vývoja sporiteľní rok po McKinseyho hodnotení smerovania organizácie sporiteľní na vnútornom trhu Európskeho spoločenstva. Problém vytvorenia centrálneho ústavu v sieti sporiteľní SRN a formy koncentrácie sporiteľní v praxi. Rozvoj sporiteľní a ich ďalšia spolupráca. | ||
| 610 | 2 | 0 | |a sporiteľne |
| 610 | 2 | 0 | |a Nemecko |
| 610 | 2 | 0 | |a Európske spoločenstvá |
| 610 | 2 | 0 | |a banky |
| 100 | 1 | |a Neuber, F. | |